| 000 | 00694cam a2200253 4500 | ||
|---|---|---|---|
| 008 | 000000n2000 000 0 eng u | ||
| 020 | _a0419244603 | ||
| 035 | _a(Sirsi) u103423 | ||
| 041 | _aeng | ||
| 050 | _a712 | ||
| 100 | _aBeer, Anne R. | ||
| 245 | _aEnvironmental planning for site development. A manual for sustainable local planning design. | ||
| 250 | _a2nd | ||
| 260 |
_aLondon _bE & F N Spon _c2000 |
||
| 300 | _axiii, 352p. ; 25cm. | ||
| 350 | _a25.00 | ||
| 650 | _aLANDSCAPE DESIGN | ||
| 650 | _aSITE PLANNING | ||
| 650 | _aLANDSCAPING | ||
| 650 |
_aEnvironment _96238 |
||
| 690 |
_aPlanning and development _96259 |
||
| 700 | _aHiggins, Catherine | ||
| 942 | _n0 | ||
| 999 |
_c100127 _d100127 |
||